<?xml version="1.0" encoding="UTF-8"?>
<record
    xmlns:xsi="http://www.w3.org/2001/XMLSchema-instance"
    xsi:schemaLocation="http://www.loc.gov/MARC21/slim http://www.loc.gov/standards/marcxml/schema/MARC21slim.xsd"
    xmlns="http://www.loc.gov/MARC21/slim">

  <leader>02272nam0a22004331  4500</leader>
  <controlfield tag="001">RU\NLR\bibl\728885</controlfield>
  <controlfield tag="005">20260407134005.0</controlfield>
  <datafield tag="010" ind1=" " ind2=" ">
    <subfield code="a">5-02-018388-1</subfield>
    <subfield code="9">2000</subfield>
  </datafield>
  <datafield tag="021" ind1=" " ind2=" ">
    <subfield code="a">RU</subfield>
    <subfield code="b">2005-35916</subfield>
    <subfield code="9">1789</subfield>
  </datafield>
  <datafield tag="035" ind1=" " ind2=" ">
    <subfield code="a">(NLR Aleph) 000718863</subfield>
  </datafield>
  <datafield tag="090" ind1=" " ind2=" ">
    <subfield code="a">690182</subfield>
    <subfield code="c">690182</subfield>
  </datafield>
  <datafield tag="100" ind1=" " ind2=" ">
    <subfield code="a">20131026d2004    |||y0rusy50      ca</subfield>
  </datafield>
  <datafield tag="101" ind1="0" ind2=" ">
    <subfield code="a">rus</subfield>
  </datafield>
  <datafield tag="102" ind1=" " ind2=" ">
    <subfield code="a">RU</subfield>
  </datafield>
  <datafield tag="105" ind1=" " ind2=" ">
    <subfield code="a">a   |||||||||</subfield>
  </datafield>
  <datafield tag="200" ind1="1" ind2=" ">
    <subfield code="a">&#x418;&#x441;&#x442;&#x43E;&#x440;&#x438;&#x44F; &#x414;&#x440;&#x435;&#x432;&#x43D;&#x435;&#x433;&#x43E; &#x412;&#x43E;&#x441;&#x442;&#x43E;&#x43A;&#x430;</subfield>
    <subfield code="i">&#x41E;&#x442; &#x440;&#x430;&#x43D;&#x43D;&#x438;&#x445; &#x433;&#x43E;&#x441;&#x443;&#x434;&#x430;&#x440;&#x441;&#x442;&#x432;&#x435;&#x43D;&#x43D;&#x44B;&#x445; &#x43E;&#x431;&#x440;&#x430;&#x437;&#x43E;&#x432;&#x430;&#x43D;&#x438;&#x439; &#x434;&#x43E; &#x434;&#x440;&#x435;&#x432;&#x43D;&#x438;&#x445; &#x438;&#x43C;&#x43F;&#x435;&#x440;&#x438;&#x439;</subfield>
    <subfield code="f">[&#x434;.&#x438;.&#x43D;. &#x415;.&#x412;. &#x410;&#x43D;&#x442;&#x43E;&#x43D;&#x43E;&#x432;&#x430;, &#x434;.&#x438;.&#x43D;. &#x410;.&#x410;. &#x412;&#x438;&#x433;&#x430;&#x441;&#x438;&#x43D;, &#x434;.&#x438;.&#x43D;. &#x41A;.&#x412;. &#x412;&#x430;&#x441;&#x438;&#x43B;&#x44C;&#x435;&#x432; [&#x438; &#x434;&#x440;.]</subfield>
    <subfield code="g">&#x440;&#x435;&#x434;&#x43A;&#x43E;&#x43B;.: &#x430;&#x43A;&#x430;&#x434;. &#x420;&#x410;&#x41D; &#x413;.&#x41C;. &#x411;&#x43E;&#x43D;&#x433;&#x430;&#x440;&#x434;-&#x41B;&#x435;&#x432;&#x438;&#x43D; (&#x43F;&#x440;&#x435;&#x434;.) [&#x438; &#x434;&#x440;.]</subfield>
    <subfield code="g">&#x43F;&#x43E;&#x434; &#x440;&#x435;&#x434;. &#x410;.&#x412;. &#x421;&#x435;&#x434;&#x43E;&#x432;&#x430;</subfield>
    <subfield code="g">[&#x420;&#x43E;&#x441;. &#x430;&#x43A;&#x430;&#x434;. &#x43D;&#x430;&#x443;&#x43A;, &#x418;&#x43D;-&#x442; &#x432;&#x43E;&#x441;&#x442;&#x43E;&#x43A;&#x43E;&#x432;&#x435;&#x434;&#x435;&#x43D;&#x438;&#x44F;]</subfield>
  </datafield>
  <datafield tag="210" ind1=" " ind2=" ">
    <subfield code="a">&#x41C;.</subfield>
    <subfield code="c">&#x412;&#x43E;&#x441;&#x442;. &#x43B;&#x438;&#x442;.</subfield>
    <subfield code="d">2004</subfield>
  </datafield>
  <datafield tag="215" ind1=" " ind2=" ">
    <subfield code="a">894,[1] c.</subfield>
    <subfield code="c">&#x438;&#x43B;., &#x446;&#x432;. &#x438;&#x43B;.</subfield>
    <subfield code="d">24</subfield>
  </datafield>
  <datafield tag="300" ind1=" " ind2=" ">
    <subfield code="a">&#x410;&#x432;&#x442;. &#x443;&#x43A;&#x430;&#x437;&#x430;&#x43D;&#x44B; &#x43D;&#x430; 33-&#x439; &#x441;.</subfield>
  </datafield>
  <datafield tag="320" ind1=" " ind2=" ">
    <subfield code="a">&#x411;&#x438;&#x431;&#x43B;&#x438;&#x43E;&#x433;&#x440;.: &#x441;. 815-830 &#x438; &#x432; &#x43F;&#x43E;&#x434;&#x441;&#x442;&#x440;&#x43E;&#x447;. &#x43F;&#x440;&#x438;&#x43C;&#x435;&#x447;.</subfield>
  </datafield>
  <datafield tag="320" ind1=" " ind2=" ">
    <subfield code="a">&#x423;&#x43A;&#x430;&#x437;. &#x438;&#x43C;&#x435;&#x43D;: &#x441;. 832-846</subfield>
  </datafield>
  <datafield tag="320" ind1=" " ind2=" ">
    <subfield code="a">&#x423;&#x43A;&#x430;&#x437;. &#x433;&#x435;&#x43E;&#x433;&#x440;. &#x438; &#x442;&#x43E;&#x43F;&#x43E;&#x433;&#x440;. &#x43D;&#x430;&#x437;&#x432;&#x430;&#x43D;&#x438;&#x439;: &#x441;. 847-868</subfield>
  </datafield>
  <datafield tag="320" ind1=" " ind2=" ">
    <subfield code="a">&#x423;&#x43A;&#x430;&#x437;. &#x44D;&#x442;&#x43D;. &#x43D;&#x430;&#x437;&#x432;&#x430;&#x43D;&#x438;&#x439;: &#x441;. 869-873</subfield>
  </datafield>
  <datafield tag="607" ind1=" " ind2=" ">
    <subfield code="a">&#x414;&#x440;&#x435;&#x432;&#x43D;&#x438;&#x439; &#x412;&#x43E;&#x441;&#x442;&#x43E;&#x43A;</subfield>
    <subfield code="x">&#x418;&#x441;&#x442;&#x43E;&#x440;&#x438;&#x44F;</subfield>
    <subfield code="9">911189</subfield>
    <subfield code="3">RU\NLR\auth\6613083</subfield>
  </datafield>
  <datafield tag="686" ind1=" " ind2=" ">
    <subfield code="a">&#x422;3(5)3,02</subfield>
  </datafield>
  <datafield tag="701" ind1=" " ind2="1">
    <subfield code="4">070</subfield>
    <subfield code="8">rus</subfield>
    <subfield code="7">ca</subfield>
    <subfield code="a">&#x410;&#x43D;&#x442;&#x43E;&#x43D;&#x43E;&#x432;&#x430;</subfield>
    <subfield code="b">&#x415;. &#x412;.</subfield>
    <subfield code="c">&#x434;-&#x440; &#x438;&#x441;&#x442;. &#x43D;&#x430;&#x443;&#x43A;</subfield>
    <subfield code="f">1945-</subfield>
    <subfield code="g">&#x415;&#x43B;&#x435;&#x43D;&#x430; &#x412;&#x430;&#x434;&#x438;&#x43C;&#x43E;&#x432;&#x43D;&#x430;</subfield>
    <subfield code="3">RU\NLR\AUTH\7720980</subfield>
    <subfield code="9">4046</subfield>
  </datafield>
  <datafield tag="701" ind1=" " ind2="1">
    <subfield code="4">070</subfield>
    <subfield code="8">rus</subfield>
    <subfield code="7">ca</subfield>
    <subfield code="a">&#x412;&#x438;&#x433;&#x430;&#x441;&#x438;&#x43D;</subfield>
    <subfield code="b">&#x410;. &#x410;.</subfield>
    <subfield code="f">1946-</subfield>
    <subfield code="g">&#x410;&#x43B;&#x435;&#x43A;&#x441;&#x435;&#x439; &#x410;&#x43B;&#x435;&#x43A;&#x441;&#x435;&#x435;&#x432;&#x438;&#x447;</subfield>
    <subfield code="3">RU\NLR\AUTH\776100</subfield>
    <subfield code="9">116055</subfield>
  </datafield>
  <datafield tag="701" ind1=" " ind2="1">
    <subfield code="a">&#x412;&#x430;&#x441;&#x438;&#x43B;&#x44C;&#x435;&#x432;</subfield>
    <subfield code="b">&#x41A;. &#x412;.</subfield>
    <subfield code="g">&#x41A;&#x438;&#x43C; &#x412;&#x430;&#x441;&#x438;&#x43B;&#x44C;&#x435;&#x432;&#x438;&#x447;</subfield>
    <subfield code="4">070</subfield>
  </datafield>
  <datafield tag="702" ind1=" " ind2="1">
    <subfield code="4">070</subfield>
    <subfield code="8">rus</subfield>
    <subfield code="7">ca</subfield>
    <subfield code="a">&#x411;&#x43E;&#x43D;&#x433;&#x430;&#x440;&#x434;-&#x41B;&#x435;&#x432;&#x438;&#x43D;</subfield>
    <subfield code="b">&#x413;. &#x41C;.</subfield>
    <subfield code="f">1933-2008</subfield>
    <subfield code="g">&#x413;&#x440;&#x438;&#x433;&#x43E;&#x440;&#x438;&#x439; &#x41C;&#x430;&#x43A;&#x441;&#x438;&#x43C;&#x43E;&#x432;&#x438;&#x447;</subfield>
    <subfield code="3">RU\NLR\auth\779097</subfield>
    <subfield code="9">118964</subfield>
  </datafield>
  <datafield tag="712" ind1="0" ind2="2">
    <subfield code="4">570</subfield>
    <subfield code="a">&#x418;&#x43D;&#x441;&#x442;&#x438;&#x442;&#x443;&#x442; &#x432;&#x43E;&#x441;&#x442;&#x43E;&#x43A;&#x43E;&#x432;&#x435;&#x434;&#x435;&#x43D;&#x438;&#x44F;</subfield>
    <subfield code="c">&#x41C;&#x43E;&#x441;&#x43A;&#x432;&#x430;</subfield>
    <subfield code="3">RU\NLR\AUTH\8810000899</subfield>
    <subfield code="9">498968</subfield>
  </datafield>
  <datafield tag="801" ind1=" " ind2="0">
    <subfield code="a">RU</subfield>
    <subfield code="b">NLR</subfield>
    <subfield code="c">20050224</subfield>
    <subfield code="g">rcr</subfield>
  </datafield>
  <datafield tag="801" ind1=" " ind2="1">
    <subfield code="a">RU</subfield>
    <subfield code="b">NLR</subfield>
    <subfield code="c">20050224</subfield>
  </datafield>
  <datafield tag="830" ind1=" " ind2=" ">
    <subfield code="a">1 &#x438; 3-&#x439; &#x430;&#x432;&#x442;. &#x43F;&#x43E; &#x42D;&#x41A;</subfield>
  </datafield>
  <datafield tag="852" ind1=" " ind2=" ">
    <subfield code="a">NLR</subfield>
    <subfield code="b">&#x41E;&#x41B;&#x421;&#x410;&#x410;-&#x441;&#x43B;-&#x441;&#x43F;&#x440;</subfield>
    <subfield code="j">4-1290</subfield>
  </datafield>
  <datafield tag="942" ind1=" " ind2=" ">
    <subfield code="c">BOOK</subfield>
  </datafield>
  <datafield tag="980" ind1=" " ind2=" ">
    <subfield code="a">NB</subfield>
  </datafield>
  <datafield tag="980" ind1="1" ind2=" ">
    <subfield code="a">SL_SPR</subfield>
  </datafield>
  <datafield tag="995" ind1=" " ind2=" ">
    <subfield code="5">2005-02-24</subfield>
    <subfield code="a">aa</subfield>
    <subfield code="b">NLR01</subfield>
    <subfield code="c">NLR01</subfield>
    <subfield code="e">RF3</subfield>
    <subfield code="f">1-2041383</subfield>
    <subfield code="k">2005-7/675</subfield>
    <subfield code="o">0</subfield>
    <subfield code="p">450.00</subfield>
    <subfield code="r">BOOK</subfield>
    <subfield code="s">20057675_</subfield>
  </datafield>
  <datafield tag="995" ind1=" " ind2=" ">
    <subfield code="5">2005-02-24</subfield>
    <subfield code="a">aa</subfield>
    <subfield code="b">NLR01</subfield>
    <subfield code="c">NLR01</subfield>
    <subfield code="e">OZ1</subfield>
    <subfield code="f">1-386832</subfield>
    <subfield code="k">&#x421;1 &#x422;3(0)31/&#x418;-907</subfield>
    <subfield code="o">0</subfield>
    <subfield code="p">450.00</subfield>
    <subfield code="r">BOOK</subfield>
    <subfield code="s">1_3031907</subfield>
  </datafield>
  <datafield tag="995" ind1=" " ind2=" ">
    <subfield code="5">2005-02-24</subfield>
    <subfield code="a">ad</subfield>
    <subfield code="b">NLR01</subfield>
    <subfield code="c">NLR01</subfield>
    <subfield code="e">OLS05</subfield>
    <subfield code="f">857988</subfield>
    <subfield code="o">0</subfield>
    <subfield code="r">BOOK</subfield>
  </datafield>
  <datafield tag="995" ind1=" " ind2=" ">
    <subfield code="5">2005-07-28</subfield>
    <subfield code="a">ad</subfield>
    <subfield code="b">NLR01</subfield>
    <subfield code="c">NLR01</subfield>
    <subfield code="e">RF3</subfield>
    <subfield code="f">1-3234433</subfield>
    <subfield code="k">2005-7/675</subfield>
    <subfield code="o">0</subfield>
    <subfield code="r">BOOK</subfield>
    <subfield code="s">20057675_</subfield>
  </datafield>
  <datafield tag="995" ind1=" " ind2=" ">
    <subfield code="5">2023-06-15</subfield>
    <subfield code="b">NLR01</subfield>
    <subfield code="c">NLR01</subfield>
    <subfield code="e">OLCAA</subfield>
    <subfield code="f">ERR-287465</subfield>
    <subfield code="k">&#x41E;&#x41B;&#x421;&#x410;&#x410;-&#x441;&#x43B;-&#x441;&#x43F;&#x440; 4-1290</subfield>
    <subfield code="o">0</subfield>
    <subfield code="r">BOOK</subfield>
    <subfield code="s">_41290</subfield>
  </datafield>
</record>
